| 000 | 00751nam a2200181Ia 4500 | ||
|---|---|---|---|
| 008 | 100921s9999 xx 000 0 und d | ||
| 082 |
_b23096 _a928 थ 89 |
||
| 100 | _aजोशी द.दा. | ||
| 245 | _aविज्ञानयोगी डॉ.बाबा आमटे. | ||
| 260 |
_bसुरेश एजन्सी,पुणे. _c1989 |
||
| 300 |
_a126 _bसुरेश एजन्सी,पुणे |
||
| 365 | _b20 | ||
| 520 | _aचरित्रे-साहित्यिक. | ||
| 630 | _aविज्ञानयोगी डॉ.बाबा आमटे. | ||
| 650 | _aचरित्रे-साहित्यिक. | ||
| 730 | _aविज्ञानयोगी डॉ.बाबा आमटे. | ||
| 942 | _cBOOK | ||
| 999 |
_c772209 _d772206 |
||